Chronicle of the conquest of Granada. From the MSS. of Fray Antonio Agapida
Wedi'i Gadw mewn:
| Prif Awdur: | |
|---|---|
| Fformat: | Llyfr |
| Iaith: | Saesneg |
| Cyhoeddwyd: |
Nueva York
G. P. Putnam & Co
1856
|
| Rhifyn: | 2a. ed |
| Cyfres: | <The >works of Washington Irving, XIV
|
| Pynciau: | |
| Tagiau: |
Ychwanegu Tag
Dim Tagiau, Byddwch y cyntaf i dagio'r cofnod hwn!
|
MARC
| LEADER | 00000nam a2200000 a 4500 | ||
|---|---|---|---|
| 001 | UCJ7514 | ||
| 003 | CL-VaPUC | ||
| 008 | 070124e18560000US |||||||||||||||||eng|d | ||
| 082 | 0 | 4 | |a 818 |b IRV |2 21 |
| 100 | |a Irving, Washington |e author |9 345121 | ||
| 245 | 1 | 0 | |a Chronicle of the conquest of Granada. From the MSS. of Fray Antonio Agapida |
| 250 | |a 2a. ed | ||
| 300 | |a 548 p | ||
| 942 | |c BK | ||
| 945 | |d 20070124 00:00:00 |a rinostro | ||
| 260 | |a Nueva York |b G. P. Putnam & Co |c 1856 | ||
| 600 | 0 | 7 | |a VERA, JUAN DE |2 CL-VaPUC |9 515986 |
| 650 | 0 | |a Islamismo |9 314084 | |
| 650 | 7 | |a GUERRAS RELIGIOSAS |2 CL-VaPUC |9 510927 | |
| 650 | 7 | |a RECONQUISTA ESPAÑOLA |2 CL-VaPUC |9 504578 | |
| 651 | 0 | |a España |9 254926 | |
| 583 | |a last modification |c 20070124 00:00:00 |k Rodrigo Vera | ||
| 490 | 0 | |a <The >works of Washington Irving, XIV | |
| 999 | |c 323598 |d 323596 | ||
| 952 | |0 0 |1 0 |4 0 |6 818_000000000000000_IRV_1856 |7 0 |8 X |9 403342 |a FDOBUD |b FDOBUD |d 2019-11-22 |i 106536K |o 818 IRV 1856 |p 106536K |r 2019-11-22 |w 2019-11-22 |y BK_X |k BUD | ||